| 000 | 00497nam a2200193Ia 4500 | ||
|---|---|---|---|
| 005 | 20240823050546.0 | ||
| 008 | 240823s9999||||xx |||||||||||||| ||und|| | ||
| 020 | _a978-81-318-0759-0 | ||
| 041 | _aENGLISH | ||
| 082 | _A625.848 Q0 | ||
| 100 | _aMichael D White | ||
| 245 | 0 | _aInternational Marketing Blunders | |
| 250 | _a3rd | ||
| 260 |
_c2010 _bUNiversity Science |
||
| 500 | _aYES | ||
| 650 |
_aInternational Marketing Management _bManagement Studies |
||
| 942 | _cBK | ||
| 999 |
_c217531 _d217531 |
||